[Event "Splitsko Dalmatinske-ch"]
[Site "Split"]
[Date "2014.03.10"]
[Round "3"]
[White "Armanda, Ivica"]
[Black "Bocina, Darko"]
[Result "0-1"]
[WhiteElo "2372"]
[BlackElo "2086"]
[PlyCount "78"]
[EventDate "2014.03.08"]
[EventType "swiss"]
[EventRounds "9"]
[EventCountry "CRO"]
[SourceTitle "CBM 159 Extra"]
[Source "ChessBase"]
[SourceDate "2014.04.24"]
[SourceVersion "1"]
[SourceVersionDate "2014.04.24"]
[SourceQuality "1"]

1. e4 c5 2. Nf3 d6 3. d4 cxd4 4. Nxd4 Nf6 5. Nc3 a6 6. Bc4 e6 7. Bb3 Be7 8. 0-0 0-0 9. f4 Nc6 10. Be3 Qc7 11. f5 Nxd4 12. Bxd4 e5 13. Be3 Bd7 14. Bg5 Bc6 15. Kh1 Rac8 16. Bxf6 Bxf6 17. Qg4 b5 18. Ne2 Rfd8 19. Rad1 Qb7 20. Ng3 d5 21. Nh5 Kf8 22. Nxg7 dxe4 23. Nh5 Qe7 24. Rde1 Rd2 25. Re3 Rcd8 26. Rg3 Ke8 27. Be6 Bh8 28. Qg8+ Qf8 29. Bxf7+ Ke7 30. f6+ Kd6 31. Qg5 Kc7 32. Qxe5+ Qd6 33. Qxd6+ R8xd6 34. Re3 Bxf6 35. c3 Bg5 36. Rg3 e3 37. Rxg5 e2 38. Rgf5 exf1Q+ 39. Rxf1 Bxg2+ 0-1

[Event "Split Zupanije-ch"]
[Site "Split"]
[Date "2013.03.25"]
[Round "9"]
[White "Klaric, Miro"]
[Black "Bocina, Darko"]
[Result "0-1"]
[WhiteElo "1891"]
[BlackElo "2103"]
[PlyCount "72"]
[EventDate "2013.03.16"]
[EventType "swiss"]
[EventRounds "9"]
[EventCountry "CRO"]
[SourceTitle "CBM 153 Extra"]
[Source "ChessBase"]
[SourceDate "2013.04.22"]
[SourceVersion "1"]
[SourceVersionDate "2013.04.22"]
[SourceQuality "1"]

1. e4 c5 2. Nf3 e6 3. d4 cxd4 4. Nxd4 Nf6 5. Bd3 a6 6. Be3 d6 7. Nc3 b5 8. 0-0 Bb7 9. a3 Be7 10. f4 Nbd7 11. h3 Rc8 12. Nf3 0-0 13. Qe1 Nc5 14. Bd2 e5 15. Kh1 Nfd7 16. Qg3 Bf6 17. f5 Nxd3 18. cxd3 Nc5 19. Ne1 d5 20. Bh6 Kh8 21. Bd2 dxe4 22. Be3 Nxd3 23. Rd1 Rc4 24. Rd2 Bh4 25. Qg4 Bf6 26. Qg3 Qe7 27. Nxd3 exd3 28. Rxd3 Bh4 29. f6 gxf6 30. Bg5 Bxg5 31. Rfd1 Rc7 32. Nd5 Bxd5 33. Rxd5 Rc1 34. Rxc1 Bxc1 35. Qc3 Bf4 36. Qc6 Rd8 0-1

[Event "Split Zupanije-ch"]
[Site "Split"]
[Date "2013.03.19"]
[Round "4"]
[White "Bocina, Darko"]
[Black "Milosavljevic, Jovan"]
[Result "1-0"]
[WhiteElo "2103"]
[BlackElo "2052"]
[PlyCount "77"]
[EventDate "2013.03.16"]
[EventType "swiss"]
[EventRounds "9"]
[EventCountry "CRO"]
[SourceTitle "CBM 153 Extra"]
[Source "ChessBase"]
[SourceDate "2013.04.22"]
[SourceVersion "1"]
[SourceVersionDate "2013.04.22"]
[SourceQuality "1"]

1. e4 c5 2. Nf3 Nc6 3. d4 cxd4 4. Nxd4 e5 5. Nb5 d6 6. c4 a6 7. N5a3 Be6 8. Nc3 Nf6 9. Bd3 Be7 10. 0-0 0-0 11. Nc2 Nd7 12. Nd5 Nc5 13. Nce3 Nd4 14. b4 Nxd3 15. Qxd3 f5 16. Bb2 fxe4 17. Qxe4 Ne2+ 18. Kh1 Nf4 19. Rad1 Nxd5 20. Nxd5 Bf6 21. f4 Re8 22. Nxf6+ gxf6 23. fxe5 f5 24. Qe2 Rc8 25. c5 d5 26. Rd3 Rc7 27. Rg3+ Rg7 28. Rxg7+ Kxg7 29. Qh5 Rf8 30. Bc1 Kh8 31. Bg5 Qe8 32. Qh6 Kg8 33. Bf6 Qg6 34. Qd2 Kf7 35. Rf3 Rg8 36. Rg3 Qh5 37. Rh3 Qg4 38. Rxh7+ Ke8 39. Re7+ 1-0

[Event "Split op 2nd"]
[Site "Split"]
[Date "2012.08.19"]
[Round "9"]
[White "Bocina, Darko"]
[Black "Brcar, Ales"]
[Result "1/2-1/2"]
[WhiteElo "2145"]
[BlackElo "1999"]
[PlyCount "23"]
[EventDate "2012.08.11"]
[EventType "swiss"]
[EventRounds "9"]
[EventCountry "CRO"]
[SourceTitle "CBM 149 Extra"]
[Source "ChessBase"]
[SourceDate "2012.08.24"]
[SourceVersion "1"]
[SourceVersionDate "2012.08.24"]
[SourceQuality "1"]

1. e4 c5 2. Nf3 e6 3. d4 cxd4 4. Nxd4 Nc6 5. Nc3 Qc7 6. g3 Nf6 7. Bg2 a6 8. 0-0 Be7 9. Re1 d6 10. a4 0-0 11. h3 Bd7 12. b3 1/2-1/2

[Event "Split op 2nd"]
[Site "Split"]
[Date "2012.08.12"]
[Round "2"]
[White "Djurovic, Goran"]
[Black "Bocina, Darko"]
[Result "1-0"]
[WhiteElo "2378"]
[BlackElo "2145"]
[PlyCount "69"]
[EventDate "2012.08.11"]
[EventType "swiss"]
[EventRounds "9"]
[EventCountry "CRO"]
[SourceTitle "CBM 149 Extra"]
[Source "ChessBase"]
[SourceDate "2012.08.24"]
[SourceVersion "1"]
[SourceVersionDate "2012.08.24"]
[SourceQuality "1"]

1. c4 Nf6 2. Nf3 e6 3. g3 d5 4. Bg2 Nbd7 5. Qc2 c6 6. 0-0 Be7 7. d4 0-0 8. Nbd2 Re8 9. Rd1 h6 10. e4 dxe4 11. Nxe4 Nxe4 12. Qxe4 Nf6 13. Qe2 a5 14. Bf4 a4 15. h4 Bd6 16. Ne5 Qe7 17. Rd3 c5 18. dxc5 Bxc5 19. Rad1 Ra6 20. g4 Nh7 21. g5 g6 22. Rd7 Bxd7 23. Rxd7 Qf8 24. Rxf7 Qxf7 25. Nxf7 Kxf7 26. Qf3 Kg8 27. gxh6 Rb6 28. Qe4 Re7 29. Qxg6+ Kf8 30. Be5 Rf7 31. Bg7+ Ke7 32. Qxh7 Rxb2 33. Bf6+ Kxf6 34. Qh8+ Ke7 35. Qxb2 1-0

[Event "CRO Cup 21st"]
[Site "Sibenik"]
[Date "2012.05.16"]
[Round "1.82"]
[White "Sertic, Rudolf"]
[Black "Bocina, Darko"]
[Result "1-0"]
[WhiteElo "2389"]
[BlackElo "2149"]
[PlyCount "45"]
[EventDate "2012.05.16"]
[EventType "team-swiss"]
[EventRounds "6"]
[EventCountry "CRO"]
[SourceTitle "CBM 148 Extra"]
[Source "ChessBase"]
[SourceDate "2012.06.22"]
[SourceVersion "1"]
[SourceVersionDate "2012.06.22"]
[SourceQuality "1"]
[WhiteTeam "Djakovo"]
[BlackTeam "Split Mornar"]
[WhiteTeamCountry "CRO"]
[BlackTeamCountry "CRO"]

1. d4 d5 2. c4 e5 3. dxe5 d4 4. Nf3 Nc6 5. g3 Bg4 6. Bg2 Qd7 7. h3 Be6 8. Nbd2 h6 9. a3 a5 10. Qa4 Nge7 11. b4 Ng6 12. Bb2 Ngxe5 13. b5 Nxf3+ 14. Nxf3 Nd8 15. Nxd4 Bc5 16. Nxe6 fxe6 17. Rd1 Qe7 18. 0-0 0-0 19. e3 e5 20. Qb3 c6 21. Rd2 Rf6 22. Rfd1 Rd6 23. Rxd6 1-0

[Event "CRO-ch U18"]
[Site "Split"]
[Date "2000.??.??"]
[Round "6"]
[White "Bocina, Darko"]
[Black "Malada, Vinko"]
[Result "1-0"]
[WhiteElo "2200"]
[BlackElo "2189"]
[PlyCount "29"]
[EventDate "2000.??.??"]
[EventType "tourn"]
[EventRounds "9"]
[EventCountry "CRO"]
[SourceTitle "EXT 2001"]
[Source "ChessBase"]
[SourceDate "2000.11.22"]
[SourceVersion "1"]
[SourceVersionDate "2000.11.22"]
[SourceQuality "1"]

1. e4 d5 2. exd5 Qxd5 3. Nc3 Qa5 4. d4 e5 5. Nf3 Bg4 6. Be2 Nc6 7. 0-0 Bxf3 8. Bxf3 Nxd4 9. Bxb7 Rb8 10. Re1 Rxb7 11. Qxd4 Bd6 12. Qg4 Ne7 13. Qxg7 Rg8 14. Qxh7 Rb4 15. Ne4 1-0

[Event "CRO-ch U18"]
[Site "Split"]
[Date "2000.??.??"]
[Round "7"]
[White "Hrvacic, Pavle"]
[Black "Bocina, Darko"]
[Result "1-0"]
[WhiteElo "2297"]
[BlackElo "2200"]
[PlyCount "29"]
[EventDate "2000.??.??"]
[EventType "tourn"]
[EventRounds "9"]
[EventCountry "CRO"]
[SourceTitle "EXT 2001"]
[Source "ChessBase"]
[SourceDate "2000.11.22"]
[SourceVersion "1"]
[SourceVersionDate "2000.11.22"]
[SourceQuality "1"]

1. e4 e5 2. Nf3 Nc6 3. Nc3 Bc5 4. Nxe5 Nxe5 5. d4 Bd6 6. dxe5 Bxe5 7. f4 Bxc3+ 8. bxc3 d6 9. Bd3 Qh4+ 10. g3 Qg4 11. Bb5+ c6 12. Qxd6 cxb5 13. Ba3 Qf3 14. Qf8+ Kd7 15. Rd1+ 1-0

[Event "CRO-chT3"]
[Site "Zadar"]
[Date "1999.??.??"]
[Round "6"]
[White "Bocina, Darko"]
[Black "Grguric, Dragan"]
[Result "0-1"]
[WhiteElo "2210"]
[BlackElo "2215"]
[PlyCount "83"]
[EventDate "1999.??.??"]
[EventType "team"]
[EventRounds "7"]
[EventCountry "CRO"]
[SourceTitle "EXT 2000"]
[Source "ChessBase"]
[SourceDate "1999.11.16"]
[SourceVersion "1"]
[SourceVersionDate "1999.11.16"]
[SourceQuality "1"]

1. e4 c5 2. Nf3 d6 3. d4 cxd4 4. Nxd4 Nf6 5. Nc3 g6 6. Be3 Bg7 7. Qd2 Nc6 8. f3 0-0 9. Nb3 Be6 10. 0-0-0 Rc8 11. h4 h5 12. Kb1 Ne5 13. Nd5 Bxd5 14. exd5 Qc7 15. c3 a5 16. a3 Rb8 17. Bd4 b5 18. Bxe5 dxe5 19. d6 exd6 20. Qxd6 Qa7 21. Qc5 Qa8 22. Bxb5 Rfc8 23. Qxe5 a4 24. Nd4 Nd5 25. Qe2 Rxc3 26. Nc6 Rxc6 27. Rxd5 Rcb6 28. Rhd1 Qa5 29. Rd8+ Kh7 30. Rxb8 Rxb8 31. Rd5 Qb6 32. g4 Qg1+ 33. Ka2 hxg4 34. h5 Qh1 35. hxg6+ fxg6 36. Rd7 Qh4 37. Qe7 Qh6 38. Rb7 Rxb7 39. Qxb7 gxf3 40. Bxa4 f2 41. Qg2 Qf4 42. Bb5 0-1

[Event "Cvitanovic Memorial 04th"]
[Site "Split"]
[Date "1999.??.??"]
[Round "2"]
[White "Bocina, Darko"]
[Black "Muse, Drazen"]
[Result "0-1"]
[WhiteElo "2210"]
[BlackElo "2350"]
[PlyCount "75"]
[EventDate "1999.04.??"]
[EventType "tourn"]
[EventRounds "9"]
[EventCountry "CRO"]
[EventCategory "4"]
[SourceTitle "EXT 2001"]
[Source "ChessBase"]
[SourceDate "2000.11.22"]
[SourceVersion "1"]
[SourceVersionDate "2000.11.22"]
[SourceQuality "1"]

1. e4 c5 2. Nf3 d6 3. d4 cxd4 4. Nxd4 Nf6 5. Nc3 g6 6. Be3 Bg7 7. Qd2 Ng4 8. Bg5 h6 9. Bh4 Nc6 10. Nb3 Be6 11. f3 Nge5 12. Nd5 g5 13. Bf2 Rb8 14. h4 gxh4 15. Rxh4 Ng6 16. Rh1 Bxb2 17. Rd1 Bg7 18. f4 Bg4 19. f5 Nge5 20. Rb1 h5 21. Bh4 f6 22. Bf2 Kf7 23. Nf4 Bh6 24. Qd5+ Ke8 25. Ne6 Qc8 26. c4 b5 27. Nbd4 bxc4 28. Nb5 a6 29. Nbc7+ Kd7 30. Rb6 Nb4 31. Rxb4 Rxb4 32. Bd4 Nd3+ 33. Bxd3 cxd3 34. Bc3 Rb7 35. Ba5 Rb5 36. Qxd3 Rxa5 37. Kf2 Rxa2+ 38. Kg3 0-1

[Event "Cvitanovic Memorial 04th"]
[Site "Split"]
[Date "1999.??.??"]
[Round "6"]
[White "Malada, Vinko"]
[Black "Bocina, Darko"]
[Result "0-1"]
[WhiteElo "2265"]
[BlackElo "2210"]
[PlyCount "56"]
[EventDate "1999.04.??"]
[EventType "tourn"]
[EventRounds "9"]
[EventCountry "CRO"]
[EventCategory "4"]
[SourceTitle "EXT 2001"]
[Source "ChessBase"]
[SourceDate "2000.11.22"]
[SourceVersion "1"]
[SourceVersionDate "2000.11.22"]
[SourceQuality "1"]

1. e4 c5 2. c3 g6 3. d4 cxd4 4. cxd4 Bg7 5. Nc3 d6 6. Nf3 Nf6 7. Bb5+ Nfd7 8. 0-0 0-0 9. a4 a6 10. Be2 Nc6 11. d5 Nb4 12. Be3 a5 13. Nd4 Nc5 14. f4 Bd7 15. h3 Rc8 16. g4 e6 17. dxe6 Nxe6 18. Rc1 Qh4 19. Kg2 Nc5 20. Nb3 Nxb3 21. Qxb3 Qe7 22. Bf3 Be6 23. Qd1 Bc4 24. Re1 Nd3 25. Nd5 Nxe1+ 26. Qxe1 Bxd5 27. exd5 Bxb2 28. Qd2 Bxc1 0-1

[Event "Mravinci"]
[Site "Mravinci"]
[Date "1993.??.??"]
[Round "?"]
[White "Bocina, Darko"]
[Black "Kiss, Attila"]
[Result "0-1"]
[WhiteElo "2155"]
[BlackElo "2365"]
[PlyCount "146"]
[EventDate "1993.??.??"]
[EventType "tourn"]
[EventRounds "11"]
[EventCountry "CRO"]
[SourceTitle "EXT 1999"]
[Source "ChessBase"]
[SourceDate "1998.11.16"]
[SourceVersion "1"]
[SourceVersionDate "1998.11.16"]
[SourceQuality "1"]

1. e4 d5 2. exd5 Nf6 3. d4 Nxd5 4. c4 Nb6 5. Nc3 e5 6. d5 Bc5 7. Nf3 0-0 8. Be2 Re8 9. Bg5 f6 10. Be3 Bxe3 11. fxe3 Qe7 12. Qd2 Bg4 13. 0-0 Rd8 14. Rad1 Na6 15. b3 c5 16. Nh4 Qd7 17. Ne4 Rf8 18. Rf2 Rad8 19. Rdf1 Nc8 20. h3 Bxe2 21. Qxe2 Nd6 22. Nxd6 Qxd6 23. Nf5 Qd7 24. e4 Nc7 25. Qe3 b6 26. b4 cxb4 27. c5 bxc5 28. Qxc5 Na6 29. Qa5 Qb7 30. Rc1 Qb6 31. Qxb6 axb6 32. Rb2 g6 33. Ne7+ Kf7 34. Nc6 Ra8 35. Nxb4 Nc5 36. Rc4 Ra4 37. Rd2 Rc8 38. Rdc2 Rca8 39. Kh2 h5 40. h4 R8a5 41. R2c3 Rb5 42. a3 Rba5 43. Nc2 Rxc4 44. Rxc4 Ke7 45. Kg3 Kd6 46. Kf3 f5 47. exf5 gxf5 48. Rb4 b5 49. Ne3 f4 50. Nf5+ Kxd5 51. Ke2 Ne6 52. g3 fxg3 53. Nxg3 Nd4+ 54. Kf2 Rxa3 55. Nxh5 Rh3 56. Rb1 Rxh4 57. Nf6+ Ke6 58. Ne8 Rf4+ 59. Ke3 Kd7 60. Ng7 Rg4 61. Nh5 Ke6 62. Rh1 b4 63. Kd3 b3 64. Kc3 Rg2 65. Rb1 Rh2 66. Nf4+ exf4 67. Kxd4 b2 68. Ke4 Rf2 69. Rh1 Kf6 70. Rg1 Rc2 71. Rb1 Rc4+ 72. Kd3 Rb4 73. Kc3 Rb8 0-1

[Event "CRO Cup"]
[Site "Pula"]
[Date "1993.??.??"]
[Round "?"]
[White "Bocina, Darko"]
[Black "Sermek, Drazen"]
[Result "1/2-1/2"]
[WhiteElo "2155"]
[BlackElo "2495"]
[PlyCount "97"]
[EventDate "1993.??.??"]
[EventType "team"]
[EventRounds "5"]
[EventCountry "CRO"]
[SourceTitle "EXT 2000"]
[Source "ChessBase"]
[SourceDate "1999.11.16"]
[SourceVersion "1"]
[SourceVersionDate "1999.11.16"]
[SourceQuality "1"]

1. e4 c5 2. Nf3 e6 3. d4 cxd4 4. Nxd4 Nf6 5. Nc3 Nc6 6. Ndb5 d6 7. Bf4 e5 8. Bg5 a6 9. Na3 b5 10. Nd5 Be7 11. Bxf6 Bxf6 12. c3 Nb8 13. Nc2 Nd7 14. Bd3 Bb7 15. Nce3 Nc5 16. b4 Nxd3+ 17. Qxd3 Bg5 18. a4 0-0 19. 0-0 Bc6 20. c4 bxa4 21. b5 axb5 22. cxb5 Bxe3 23. bxc6 Bd4 24. Ra2 Qa5 25. Rc1 g6 26. g4 f6 27. Rc4 a3 28. c7 Kg7 29. Nf4 exf4 30. Qxd4 f3 31. Qc3 Qb5 32. Rb4 Qd7 33. h3 h5 34. Qxf3 hxg4 35. hxg4 Qxc7 36. Rb3 Rf7 37. Rbxa3 Qc1+ 38. Kg2 Rh8 39. Kg3 Rh1 40. Ra1 Qxa1 41. Rxa1 Rxa1 42. Qd3 Rg1+ 43. Kf3 Rd7 44. Qd5 Rc1 45. Qe6 Rc3+ 46. Kg2 Rcc7 47. g5 fxg5 48. f3 Rd8 49. Kg3 1/2-1/2

[Event "CRO Cup"]
[Site "Pula"]
[Date "1993.??.??"]
[Round "?"]
[White "Bukal, Vladimir Jr"]
[Black "Bocina, Darko"]
[Result "1-0"]
[WhiteElo "2405"]
[BlackElo "2155"]
[PlyCount "71"]
[EventDate "1993.??.??"]
[EventType "team"]
[EventRounds "5"]
[EventCountry "CRO"]
[SourceTitle "EXT 2000"]
[Source "ChessBase"]
[SourceDate "1999.11.16"]
[SourceVersion "1"]
[SourceVersionDate "1999.11.16"]
[SourceQuality "1"]

1. c4 g6 2. Nc3 Bg7 3. g3 e5 4. Bg2 Ne7 5. e3 c5 6. a3 Nbc6 7. b4 d6 8. Rb1 0-0 9. d3 Rb8 10. b5 Na5 11. Bd2 Bf5 12. Ne4 b6 13. Ne2 Nb7 14. N2c3 Qd7 15. 0-0 h6 16. Qb3 Kh7 17. Rbc1 Be6 18. Nd5 Ng8 19. Nec3 f5 20. f4 Nd8 21. a4 Nf6 22. Nxf6+ Bxf6 23. a5 bxa5 24. Nd5 Bxd5 25. Bxd5 Ne6 26. Qa4 Rf7 27. Qxa5 g5 28. fxg5 Bxg5 29. Rf2 Rbf8 30. Rcf1 Bd8 31. Qa1 Ng5 32. Kg2 Rg7 33. Qd1 Ne6 34. Rxf5 Nf4+ 35. R1xf4 exf4 36. Rxf4 1-0